Estatísticas para Municípios cortados pela Rodovia Presidente Dutra

Clique aqui para jogar o quiz

Estatísticas Gerais

  • Esse quiz foi jogado 63 vezes
  • A pontuação média é 25 de 38

Estatísticas das Respostas

UFMunicípio% Correto
RJRio de Janeiro
97%
SPSão Paulo
94%
SPTaubaté
88%
SPGuarulhos
88%
RJVolta Redonda
85%
RJNova Iguaçu
82%
RJResende
82%
SPSão José dos Campos
82%
RJBarra Mansa
79%
SPAparecida
79%
SPGuaratinguetá
76%
RJBelford Roxo
76%
SPLorena
76%
SPPindamonhangaba
74%
RJItatiaia
74%
SPJacareí
71%
SPCaçapava
68%
RJSão João de Meriti
68%
RJSeropédica
65%
RJQueimados
65%
SPArujá
62%
SPQueluz
62%
SPSanta Isabel
59%
SPCruzeiro
59%
RJPiraí
59%
RJMesquita
56%
RJPorto Real
53%
SPRoseira
50%
SPGuararema
50%
SPMogi das Cruzes
50%
RJParacambi
47%
SPCachoeira Paulista
44%
SPSilveiras
44%
SPLavrinhas
41%
RJItaguaí
41%
RJPinheiral
38%
SPCanas
35%

Distribuição das Pontuações

Percentil de Números Respondidos

Porcentagem de Pessoas com Cada Pontuação

Sua Pontuação Histórica

Você não jogou esse quiz